Mumbai Local Train - Western Line - Statistics

General Stats
  • This quiz has been taken 119 times
  • The average score is 24 of 35
Answer Stats
Answer % Correct
Bandra
96%
Churchgate
96%
Virar
96%
Andheri
93%
Dadar
93%
Goregaon
91%
Borivali
89%
Kandivali
87%
Marine Lines
87%
Dahisar
83%
Santa Cruz
83%
Lower Parel
78%
Malad
78%
Vile Parle
78%
Matunga Road
76%
Mira Road
76%
Mumbai Central
76%
Charni Road
74%
Jogeshwari
74%
Khar Road
72%
Prabhadevi
72%
Grant Road
70%
Bhayandar
67%
Mahalaxmi
67%
Vasai Road
65%
Nalla Sopara
63%
Mahim Junction
59%
Naigaon
54%
Dahanu Road
52%
Palghar
52%
Boisar
35%
Vaitarna
24%
Saphale
22%
Umroli
13%
Vangaon
13%
No matching quizzes found
Score Distribution
Percent of People with Each Score
Percentile by Number Answered
Your Score History
You have not taken this quiz